000 00832nam a22002417a 4500
999 _c14966
_d14966
003 MIRAKIL
005 20220825170654.0
008 220825b tu ||||| |||| 00| 0 tur d
020 _a9786257999496
040 _aTR-AnCHP
_cTR-AnCHP
041 _atur
082 _a956.1023
_bD63m 2020
100 _aDoğan, Fazıl
245 1 0 _aMilli mücadele hatıralarım /
_c Fazıl Doğan ; editör: Pınar Güven
260 _aİstanbul :
_bTürkiye İş Bankası Kültür Yayınları,
_c2020.
300 _a118 s.:
_bfotg.;
_c19 sm.
490 0 _aTürkiye İş Bankası Kültür Yayınları;
_vGenel yayın:4691.
504 _aKaynakça vardır.
600 0 _97148
_aDoğan, Fazıl
_cDoktor
_d1892-1951
_xAnılar
650 0 _9908
_aTürkiye
_xTarih
_yMilli mücadele dönemi
700 _97149
_aGüven, Pınar
_eed.
942 _2ddc
_cBKS